| 000 | 00450pam a2200169 a 4500 | ||
|---|---|---|---|
| 020 | _a0070506310 | ||
| 040 | _cDLC | ||
| 082 | 0 | 0 | _a574 MCG 1991 A026 Or. |
| 100 | 1 | _aPostlethwait, John H. | |
| 245 | 1 | 0 | _aBiology! bringing science to life / |
| 260 |
_aNew York : _bMcGraw-Hill, _cc1991. |
||
| 300 |
_axxiv, 614, 34 p. : _bill. (some col.) ; _c28 cm. |
||
| 650 | 0 | _aBiology. | |
| 700 | 1 | _aHopson, Janet L. | |
| 700 | 1 | _aVeres, Ruth C. | |
| 942 | _cEK | ||
| 999 |
_c13116 _d13116 |
||